Stadtbezirke von Braunschweig - Statistiken

Allgemein
  • Dieses Quiz wurde 109 mal gespielt
  • Das Durchschnittsergebnis liegt bei 7 aus 12
Antworten auf der Karte
Die Antworten werden auf der Karte rot bzw. grün angezeigt, abhängig davon wie oft sie richtig erraten wurden.
 
Antwortstatistiken
Antwort % Korrekt
Südstadt-Rautheim-Mascherode
73%
Südwest
63%
Westliches Ringgebiet
61%
Lehndorf-Watenbüttel
59%
Östliches Ringgebiet
59%
Hondelage-Volkmarode
56%
Mitte
55%
Nordstadt-Schunteraue
53%
Weststadt
53%
Nördliche Schunter-/Okeraue
44%
Braunschweig-Süd
41%
Wabe-Schunter-Beberbach
33%
Keine übereinstimmenden Quizze gefunden
Verteilung der Resultate
Anzahl Personen mit jedem Resultat
Perzentil nach korrekt beantworteten Fragen
Ihre Resultats-Entwicklung
Sie haben dieses Quiz noch nicht gespielt